01358nam a2200313 a 4500001001200000003000800012006001900020007001500039008004100054020002500095020002700120040002100147035002100168050002400189111004100213245018000254260005000434300001100484504004100495533015200536600007900688650002900767655002900796700002100825710003800846710001700884856012600901999001701027ebr10567338CaPaEBRm u cr cn|||||||||120611s2011 enk sb 100 0deng d z9781847601926 (pbk.) z9781847601919 (e-book) aCaPaEBRcCaPaEBR a(OCoLC)79783257614aPR5888b.W67 2011eb2 aWordsworth Summer Conferenced(2011)10aGrasmere, 2011h[electronic resource] :bselected papers from the Wordsworth Summer Conference /ccompiled by Richard Gravil on behalf of the Wordsworth Conference Foundation. aTirril [England] :bHumanities-Ebooks,c2011. a221 p. aIncludes bibliographical references. aElectronic reproduction.bPalo Alto, Calif. :cebrary,d2011.nAvailable via World Wide Web.nAccess may be limited to ebrary affiliated libraries.10aWordsworth, William,d1770-1850xCriticism and interpretationvCongresses. 0aRomanticismvCongresses. 7aElectronic books.2local1 aGravil, Richard.2 aWordsworth Conference Foundation.2 aebrary, Inc.40uhttp://site.ebrary.com/lib/rucke/Doc?id=10567338zAn electronic book accessible through the World Wide Web; click to view c93327d93327